तुम्ही हे वाचलंच पाहिजे / (Record no. 52825)

MARC details
000 -LEADER
fixed length control field 01097nam a22002297a 4500
005 - DATE AND TIME OF LATEST TRANSACTION
control field 2011061005435.0
008 - FIXED-LENGTH DATA ELEMENTS--GENERAL INFORMATION
fixed length control field 110610t xxu||||| |||| 00| 0 mar d
010 ## - LCCN (DPL NO)
LC control number MAR-20918
020 ## - INTERNATIONAL STANDARD BOOK NUMBER
Terms of availability 90.00
035 ## - SYSTEM CONTROL NUMBER
System control number MR-13576
037 ## - SOURCE OF ACQUISITION
Source of stock number/acquisition DBAD / PUB
040 ## - CATALOGING SOURCE
Original cataloging agency DPL
Language of cataloging MR
082 ## - DEWEY DECIMAL CLASSIFICATION NUMBER
Classification number 891.4609
100 ## - MAIN ENTRY--PERSONAL NAME
Personal name करंदीकर,विद्याधर
9 (RLIN) 28558
245 ## - TITLE STATEMENT
Title तुम्ही हे वाचलंच पाहिजे /
Statement of responsibility, etc विद्याधर करंदीकर
246 ## - VARYING FORM OF TITLE
Title proper/short title Tumhi He Vachalacha Pahijey
Remainder of title by Vidhyadhar karandikar
260 ## - PUBLICATION, DISTRIBUTION, ETC. (IMPRINT)
Place of publication, distribution, etc कोल्हापूर
Name of publisher, distributor, etc मणिक प्रकाशन
Date of publication, distribution, etc 2008
270 ## - ADDRESS
Address 1495,' बी' इंदुमती अपार्टमेंट,गुलाब गल्ली
City कोल्हापूर
300 ## - PHYSICAL DESCRIPTION
Extent 96पृ.
Dimensions 21सेमी(अजिल्द)
942 ## - ADDED ENTRY ELEMENTS (KOHA)
Source of classification or shelving scheme Dewey Decimal Classification
Item type Marathi Books
Classification part 891.4609
Call number suffix करंदी
Holdings
Withdrawn status Lost status Source of classification or shelving scheme Damaged status Not for loan Collection code Home library Current library Date acquired Source of acquisition Cost, normal purchase price Total Checkouts Full call number Barcode Date last seen Copy number Cost, replacement price Koha item type
    Dewey Decimal Classification   Not For Loan Non-fiction D.B.Act.Division D.B.Act.Division 10/06/2011 DBAD / PUB 90.00   891.4609 करंदी MR-13576 10/06/2011 1 90.00 Marathi Books

© Delhi Public Library
Hit Counter
free hit counter